[Event "10th Norway Chess 2022"]
[Site "Stavanger"]
[Date "2022.06.10"]
[Round "9.2"]
[White "Vachier-Lagrave, Maxime"]
[Black "Giri, Anish"]
[Result "1-0"]
[WhiteElo "2750"]
[BlackElo "2761"]
[Annotator "TA"]
[PlyCount "103"]
[EventDate "2022.05.30"]
[EventType "tourn"]
[EventCountry "NOR"]
[SourceTitle "playchess.com"]
[Source "ChessBase"]
[SourceQuality "1"]

{[%evp 9,103,4,8,12,10,0,-7,-19,-20,-10,-11,0,25,0,0,0,0,0,21,28,22,16,18,11,27,0,0,0,0,0,0,0,0,0,0,0,0,-27,-28,-25,-22,-21,0,0,0,0,43,41,56,0,45,10,72,72,83,85,104,99,90,14,161,138,112,76,77,0,0,0,99,102,131,51,340,298,297,313,304,306,301,239,291,272,714,654,920,866,1031,889,888,886,849,828,1132,1044,1540,1275]} 1. e4 {[%emt 0:00:01]} c5 {[%emt 0:00:01]} 2. Nf3 d6 3. d4 {[%emt 0:00:01]} cxd4 {[%emt 0:00:01]} 4. Qxd4 Nc6 {[%emt 0:00:02]} 5. Qe3 Nf6 {[%emt 0:00:01]} 6. Nc3 {[%emt 0:00:01] B53: Sicilian: 2...d6: Lines with Qxd4.} g6 {[%emt 0:00:01]} 7. Bc4 {[%emt 0:00:01]} Bg7 8. h3 $1 {[%emt 0:00:15][%mdl 4] The position is equal. is currently scoring better than 8.0-0.} O-O {[%emt 0:00:02]} 9. O-O {[%emt 0:00:02]} b6 {[%emt 0:00:04]} 10. Rd1 Nd7 {[%emt 0:00:02] [#] Inhibits e5.} 11. b3 $1 $146 {[%emt 0:00:16][%mdl 8] A top novelty.} ({Predecessor:} 11. Nd5 Bb7 12. c3 Rc8 13. Bb3 Nc5 14. Bc2 e6 15. Nf4 Qe7 16. Qe2 Rfd8 17. Rb1 {1-0 (58) Aronian,L (2773)-Carlsen,M (2863) chess24.com INT 2020}) 11... Bb7 {[%emt 0:00:02]} 12. Bb2 Rc8 {[%emt 0:00:01]} 13. Rd2 {[%emt 0:00:21]} Nde5 {[%emt 0:00:04]} 14. Nxe5 {[%emt 0:00:02]} Nxe5 {[%cal Bc6e5,Be5d7,Bd7c5][%mdl 32]} 15. Be2 {[%emt 0:00:04]} Nd7 {[%emt 0:00:02][%cal Ob7e4]} 16. Rb1 {[%emt 0:00:11]} Re8 {[%emt 0:00:01]} 17. h4 {[%emt 0:00:09]} Qc7 {[%emt 0:00:43][%cal Rg7c3]} 18. Nb5 {[%emt 0:00:32]} Qc5 {[%emt 0:00:01]} 19. Qxc5 {[%emt 0:00:07]} Nxc5 {[%emt 0:00:12]} 20. f3 {[%emt 0:00:15]} Bh6 {[%emt 0:00:10]} 21. Rdd1 {[%emt 0:00:03]} a6 {[%emt 0:00:02]} 22. Na3 {[%emt 0:00:05]} b5 {[%emt 0:00:04][%cal Bb6b5,Bb5b4][%mdl 32]} 23. c4 {[%emt 0:00:01]} b4 $1 {[%emt 0:00:07]} 24. Nc2 {[%emt 0:00:01] Inhibits Be3+.} a5 {[%emt 0:00:01]} 25. Bd4 {[%emt 0:00:16]} f5 {[%emt 0:00:15]} 26. exf5 {[%emt 0:00:21]} gxf5 {[%emt 0:00:02]} 27. Bf2 {[%emt 0:00:02]} Ne6 {[%emt 0:00:33]} 28. Ne3 {[%emt 0:00:15]} Rf8 {[%emt 0:00:19]} 29. Nd5 {[%emt 0:00:37]} (29. Bd3 $14 Nd4 30. Re1) 29... Kf7 {[%emt 0:00:11]} (29... Bxd5 $5 30. cxd5 Nf4 $11) 30. g3 {[%emt 0:00:02][%cal Bg2g3,Bg3g4][%mdl 32]} (30. Bd3 $5 {[%cal Rd3f5]} Ke8 31. Re1 Bxd5 32. cxd5 $14) 30... f4 {[%emt 0:00:04]} (30... Nc5 $11 {keeps the balance.}) 31. g4 $16 {[%emt 0:00:01] White is more active.} Bg7 {[%emt 0:00:03]} 32. Bd3 {[%emt 0:00:05]} Nd4 {[%emt 0:00:12]} 33. Kg2 {[%emt 0:01:38]} (33. Bxh7 Nxf3+ 34. Kg2 Ne5 $17) 33... e6 {[%emt 0:00:02] [#]} 34. Bxh7 $1 {[%emt 0:00:17]} exd5 {[%emt 0:00:28]} (34... Rh8 $11 35. Bg6+ (35. Bxd4 Rxh7 36. Nxf4 e5 $11) 35... Kxg6 36. Ne7+ (36. Nxf4+ Kh7 $11) 36... Kf6 37. Nxc8 (37. Bxd4+ Kxe7 38. Bxg7 Rxh4 $17) 37... Nxf3 38. Nxd6 Bc6) (34... Nxf3 35. Kxf3) 35. Bxd4 $18 {[%emt 0:00:01] Black must now prevent cxd5.} dxc4 {[%emt 0:00:02]} 36. Bf5 {[%emt 0:00:05] Hoping for Bxg7.} Rce8 {[%emt 0:00:27]} 37. bxc4 {[%emt 0:00:01]} (37. Bxg7 Kxg7 38. Rxd6 Re2+ 39. Kf1 Rxa2 $11) (37. Kf2 $16) 37... Re2+ $1 $11 {[%emt 0:00:03]} 38. Bf2 {[%emt 0:00:01]} Bf6 {[%emt 0:00:35]} (38... Bc8 $1 $11) 39. g5 $36 {[%emt 0:00:19][%mdl 2048] White has strong initiative.} ({But not} 39. Rxd6 $6 Bxh4 40. Rf1 (40. Rd7+ Kf6 $11) 40... Rd8 41. Rxd8 Bxd8 $11) 39... Be5 {[%emt 0:00:01] [#]} 40. c5 {[%emt 0:00:09]} (40. a3 $1 $16) 40... Rd8 $2 {[%emt 0:00:24][%mdl 8192]} (40... Kg7 $2 41. Be6 Bc8 42. Bc4 $18) ({Black should try} 40... dxc5 $1 $14 41. Re1 (41. Bd3 Rxf2+ 42. Kxf2 Bd4+ 43. Kg2 Bd5 $11) 41... Rxf2+ 42. Kxf2 Bd4+ 43. Kg2 Rh8) 41. Bd3 {[%emt 0:00:52]} Rxf2+ {[%emt 0:00:15]} 42. Kxf2 {[%emt 0:00:01]} Bd4+ 43. Kg2 {[%emt 0:00:01]} dxc5 {[%emt 0:00:01]} 44. Be4 {[%emt 0:00:26]} Bxe4 {[%emt 0:00:14]} 45. fxe4 $18 {[%emt 0:00:01][%mdl 4096] Endgame KRR-KRB} c4 $2 (45... Rh8 46. Rh1 Kg6) 46. Kf3 {[%emt 0:00:17] White is clearly winning.} Ke6 {[%emt 0:00:11]} 47. g6 {[%emt 0:00:11]} c3 {[%emt 0:00:13]} 48. Rbc1 {[%emt 0:00:02]} Ke5 {[%emt 0:00:15]} 49. h5 {aiming for g7.} Rg8 50. Rd3 {[%emt 0:00:16]} a4 {[%emt 0:00:19]} 51. Rcd1 Be3 {[%emt 0:00:14]} 52. Rd6 {[%emt 0:00:10] Weighted Error Value: White=0.14 (very precise) /Black=0.30} 1-0

[Event "10th Norway Chess 2022"]
[Site "Stavanger"]
[Date "2022.06.10"]
[Round "9.2"]
[White "Wang, Hao"]
[Black "So, Wesley"]
[Result "1/2-1/2"]
[WhiteElo "2744"]
[BlackElo "2766"]
[Annotator "TA"]
[PlyCount "116"]
[EventDate "2022.05.30"]
[EventType "tourn"]
[EventCountry "NOR"]
[SourceTitle "playchess.com"]
[Source "ChessBase"]
[SourceQuality "1"]

{[%evp 23,116,-16,-13,-19,-7,-16,0,-42,-35,-40,-29,-25,-24,-56,-23,-62,-18,-7,-25,-20,0,0,0,0,0,0,58,58,264,84,122,123,117,128,155,0,190,232,225,218,231,165,148,-137,-142,-326,-304,-309,-308,-339,-333,-419,-324,-407,-330,-703,-200,-243,0,-310,-303,-296,-280,-295,-277,-350,-347,-355,-361,-568,-557,-597,-568,-780,-775,-737,-635,-594,-574,-609,-579,-645,0,-589,0,-714,-703,-691,-630,-598,0,-569,0,-428,0]} 1. d4 {[%emt 0:00:01]} Nf6 {[%emt 0:00:02]} 2. c4 {[%emt 0:00:01]} e6 3. Nc3 {[%emt 0:00:01]} Bb4 {[%emt 0:00:01]} 4. e3 {[%emt 0:00:01]} O-O {[%emt 0:00:02]} 5. a3 {[%emt 0:00:01]} Bxc3+ {[%emt 0:00:02]} 6. bxc3 {[%emt 0:00:01]} c5 {[%emt 0:00:03]} 7. Bd3 {[%emt 0:00:01]} Nc6 {[%emt 0:00:01]} 8. Ne2 {[%emt 0:00:02]} b6 {[%emt 0:00:03]} 9. O-O {[%emt 0:00:03]} Ba6 {[%emt 0:00:02]} 10. e4 {[%emt 0:00:01]} Ne8 {[%emt 0:00:01]} 11. f4 {[%emt 0:00:05]} f5 {[%emt 0:00:03]} 12. Ng3 {[%emt 0:00:28]} g6 {[%emt 0:00:10]} 13. dxc5 {[%emt 0:00:15] E29: Nimzo-Indian: Sämisch: 5...0-0 6 e3 c5 7 Bd3 Nc6.} bxc5 {[%emt 0:00:10]} 14. Be3 {[%emt 0:00:01]} d6 {[%emt 0:00:04]} 15. Qa4 {[%emt 0:00:42][%csl LRa6,LRc6] [#] The position is equal.} Na5 $146 {[%emt 0:00:50]} ({Predecessor:} 15... Bb7 16. Rab1 Qc7 17. Rfe1 Nf6 18. h3 Rae8 19. Re2 Na5 20. Rb5 Nc6 21. Rb1 Ba8 {0-1 (31) Eriksson,J (2385)-Yakovich,Y (2560) Stockholm 1998}) 16. Rad1 {[%emt 0:00:03]} Qc7 {[%emt 0:00:16]} 17. exf5 {[%emt 0:00:22]} exf5 {[%emt 0:00:02]} 18. Rfe1 {[%emt 0:00:11]} Nf6 {[%emt 0:00:11]} 19. Nf1 {[%emt 0:00:18]} Rae8 {[%emt 0:00:20]} 20. Bf2 {[%emt 0:00:04]} Bb7 {[%emt 0:00:25]} 21. Ne3 {[%emt 0:00:13]} Qc6 {[%emt 0:00:17]} 22. Qc2 {[%emt 0:00:13]} (22. Qxa5 Rxe3 $1 23. Bf1 Rxe1 24. Rxe1 Ne4 $15) 22... Qd7 {[%emt 0:00:19]} 23. Bh4 {[%emt 0:00:10]} Nh5 {[%emt 0:00:09]} 24. Qf2 {[%emt 0:00:11]} Ba6 {[%emt 0:00:15]} (24... Nf6 $11) 25. Nd5 $14 {[%emt 0:00:16]} Kg7 $2 {[%emt 0:00:21]} (25... Bb7 $14) 26. Qf1 $2 {[%emt 0:01:29]} (26. Be2 $18 {And now Bxh5 would win.} Rxe2 27. Rxe2) 26... Rxe1 {[%emt 0:00:07]} 27. Rxe1 {[%emt 0:00:03]} ({Of course not} 27. Bxe1 $6 Qa4 28. Bh4 Bxc4 29. Bxc4 Nxc4 $11) 27... Re8 28. Be2 {[%emt 0:00:20] Threatens to win with Bxh5. White is more active. This bishop pair is nice.} Qf7 {[%emt 0:00:48] [#]} 29. Rd1 $2 {[%emt 0:00:09]} (29. Be7 $1 $16) 29... Rxe2 $2 {[%emt 0:00:08]} 30. Qxe2 $18 {[%emt 0:00:02]} Bxc4 31. Qf3 {[%emt 0:00:10]} Bb3 {[%emt 0:00:06]} 32. Rd2 {[%emt 0:00:02][%cal Oc3c4] Black must now prevent c4!} Nc4 {[%emt 0:00:26] [#]} 33. Re2 {[%emt 0:00:08][%mdl 8192]} (33. Rf2 $1 $16 {is necessary to keep the advantage.}) 33... Bd1 $17 {[%emt 0:00:02][%mdl 64] Skewer} 34. Ne7 $2 {[%emt 0:00:32]} (34. Ne3 $17 Bxe2 35. Qxe2 Nxe3 36. Qxe3) 34... Bxe2 $19 {[%emt 0:00:04]} ({Not} 34... Nxa3 35. c4 Bxe2 36. Qc3+ Nf6 37. Nd5 $11) 35. Qxe2 {[%emt 0:00:01]} Nxf4 {[%emt 0:00:02]} 36. Qf1 {[%emt 0:00:07]} Nh5 {[%emt 0:00:06]} 37. Qf3 {[%emt 0:00:24]} h6 {[%emt 0:00:07]} 38. Qb7 {[%emt 0:00:10]} g5 {[%emt 0:00:10]} 39. Bf2 $2 {[%emt 0:00:01]} (39. Nxf5+ Kg6 40. Ne7+ Kf6 41. Nd5+ Kg7 42. Qxf7+ Kxf7 43. Be1) 39... Kf6 $2 {[%emt 0:00:08]} (39... Kf8 40. Qb8+ Kxe7 41. Qxa7+ Kf6 42. Qxf7+ Kxf7) 40. Nd5+ {[%emt 0:00:02]} Kg7 $2 {[%emt 0:00:01]} ({Black should try} 40... Ke6 $19 41. Nc7+ Ke5 42. Qxa7 Kf6) 41. Qc6 {[%emt 0:00:08][%mdl 8192]} (41. Ne7 $11 {and White is okay.}) 41... Nf6 {[%emt 0:00:03]} 42. Nxf6 {[%emt 0:00:08]} Qxf6 {[%emt 0:00:02][%mdl 4096] Endgame KQB-KQN} 43. Qb7+ {[%emt 0:00:08]} Kg6 {[%emt 0:00:06]} 44. Qd5 {[%emt 0:00:15]} Qf7 {[%emt 0:00:02]} ({Weaker is} 44... Nxa3 45. Qg8+ Qg7 46. Qe6+ Qf6 47. Qg8+ Qg7 48. Qe6+ Qf6 49. Qg8+ $11) 45. Qd3 {[%emt 0:00:03]} Qe6 {[%emt 0:00:02]} 46. Qd1 {[%emt 0:00:42]} (46. h3 {is a better defense.}) 46... Nxa3 {[%emt 0:00:03]} 47. h4 {[%emt 0:00:02]} gxh4 {[%emt 0:00:03]} 48. Bxh4 {[%emt 0:00:03]} Nc4 {[%emt 0:00:01]} 49. Bf2 {[%emt 0:00:03]} Qe4 {[%emt 0:00:01]} 50. Qa4 {[%emt 0:00:04]} a5 {[%emt 0:00:06] ...Ne5 is the strong threat.} 51. Qd7 {[%emt 0:00:02]} Qe5 {[%emt 0:00:03]} 52. Qa4 {[%emt 0:00:10]} Qe4 {[%emt 0:00:01]} 53. Qd7 {[%emt 0:00:02]} Qe5 {[%emt 0:00:01]} (53... Qd5 $19 54. Bg3 Qf7) 54. Qd8 $2 {[%emt 0:00:06][%mdl 8192]} (54. Qa4 $11) 54... Qe6 {[%emt 0:00:01]} 55. Qa8 {[%emt 0:00:03]} Kf7 {[%emt 0:00:03]} 56. Qb7+ {[%emt 0:00:02]} Kg6 {[%emt 0:00:01]} 57. Qa8 $1 {[%emt 0:00:01]} Kf7 58. Qb7+ $1 {[%emt 0:00:03]} Kg6 $2 {Weighted Error Value: White=0.79/Black=0.56} (58... Kf6 $19 59. Qa7 Kg6 60. Qa8) 1/2-1/2

[Event "10th Norway Chess 2022"]
[Site "Stavanger"]
[Date "2022.06.10"]
[Round "9.2"]
[White "Topalov, Veselin"]
[Black "Carlsen, Magnus"]
[Result "1/2-1/2"]
[WhiteElo "2730"]
[BlackElo "2864"]
[Annotator "TA"]
[PlyCount "65"]
[EventDate "2022.05.30"]
[EventType "tourn"]
[EventCountry "NOR"]
[SourceTitle "playchess.com"]
[Source "ChessBase"]
[SourceQuality "1"]

{[%evp 10,65,28,8,25,8,34,19,12,12,27,9,20,3,31,0,0,0,18,-30,0,0,6,6,0,2,15,0,0,0,-2,-12,-19,-33,-23,-28,-13,-26,31,0,12,2,40,18,23,35,32,29,25,16,18,15,16,16,19,16,17,16]} 1. e4 {[%emt 0:00:01]} e5 {[%emt 0:00:08]} 2. Nf3 Nc6 {[%emt 0:00:03]} 3. Bc4 {[%emt 0:00:01]} Nf6 {[%emt 0:00:02]} 4. d3 {[%emt 0:00:01]} Bc5 {[%emt 0:00:04]} 5. c3 {[%emt 0:00:02]} d6 {[%emt 0:00:02]} 6. O-O {[%emt 0:00:02]} a5 {[%emt 0:00:02] C54: Giuoco Piano: 4 c3 Nf6, main lines with 5 d4 and 5 d3.} 7. Re1 {[%emt 0:00:18]} Ba7 {[%emt 0:00:02]} 8. Nbd2 {[%emt 0:00:04][%cal Bb1d2,Bd2f1,Bf1g3][%mdl 32]} O-O {[%emt 0:00:03]} 9. Nf1 {[%emt 0:00:10]} Ne7 {[%emt 0:00:02]} 10. Ng3 {[%emt 0:00:22]} Ng6 {[%emt 0:00:02]} 11. Bb3 {[%emt 0:00:02]} c6 {[%emt 0:00:16] [#]} 12. d4 $146 {[%emt 0:00:29]} ({Predecessor:} 12. h3 d5 13. exd5 Nxd5 14. d4 exd4 15. Nxd4 Be6 16. Ne4 Bxd4 17. Qxd4 {½-½ (28) Kubicki,T (2461)-Szymanski,R (2377) ICCF email 2019}) 12... exd4 {[%emt 0:00:16]} 13. cxd4 {[%emt 0:00:10]} Bg4 {[%emt 0:00:02]} 14. Qd3 {[%emt 0:00:03]} (14. Be3 {feels stronger.}) 14... d5 {[%emt 0:00:18]} (14... Bxf3 $5 15. gxf3 Bb6 $11) 15. e5 {[%emt 0:00:03]} Ne4 {[%emt 0:00:22]} 16. Nxe4 {[%emt 0:01:59]} dxe4 {[%emt 0:00:02]} 17. Rxe4 {[%emt 0:00:02]} Bxf3 {[%emt 0:00:05]} (17... Bf5 18. e6 $16) 18. Qxf3 {[%emt 0:00:01]} Bxd4 {[%emt 0:00:04]} 19. Bf4 {[%emt 0:00:18]} a4 {[%emt 0:00:26]} 20. Bc2 {[%emt 0:00:01]} ({Don't go for} 20. Rd1 $2 axb3 21. a3 (21. Rexd4 $2 Qxd4 22. Rxd4 bxa2 $19) 21... c5 $19) 20... Nxf4 {[%emt 0:00:04]} 21. Qxf4 {[%emt 0:00:19]} c5 {[%emt 0:00:05] White must now prevent ...a3.} 22. Rd1 {[%emt 0:00:10]} Ra6 {[%emt 0:00:10]} 23. g3 {[%emt 0:00:23][%cal Rd1d4]} Re8 {[%emt 0:00:06]} (23... b5 $11) 24. b4 {[%emt 0:00:10] [#] aiming for bxc5.} axb3 {[%emt 0:01:21]} 25. Bxb3 {[%emt 0:00:01]} Qe7 {[%emt 0:00:01]} 26. Bc4 {[%emt 0:00:17]} Rf6 {[%emt 0:00:32]} 27. Qg4 {[%emt 0:01:22]} ({Reject} 27. exf6 Qxe4 28. Qxe4 Rxe4 $15) 27... Rg6 {[%emt 0:00:06]} (27... Bxf2+ $2 28. Kh1 Rg6 29. Qf3 $18) (27... Bxe5 $2 28. f4 Re6 29. Bxe6 Bd4+ 30. Rdxd4 cxd4 31. Bd5 $18) (27... Rxf2 $2 28. Rdxd4 cxd4 29. Kxf2 $18) 28. Qe2 {[%emt 0:00:01]} Rb6 {[%emt 0:00:11]} 29. Kg2 {[%emt 0:00:19]} Rb2 {[%emt 0:00:10] The position is equal.} (29... Bxe5 $2 {[#]} 30. Rxe5 $1 {[%mdl 512]} Re6 31. Bxe6 fxe6 32. Qb5 $18) 30. Rd2 Rxd2 {[%emt 0:00:02]} 31. Qxd2 {[%emt 0:00:01]} b5 {[%emt 0:00:10]} (31... Bxe5 $2 32. f4 $18) 32. Bxb5 {[%emt 0:00:08]} Qb7 {[%emt 0:00:01]} 33. Bxe8 {[%emt 0:00:48] Weighted Error Value: White=0.11 (very precise) /Black=0.09 (flawless)} 1/2-1/2

[Event "10th Norway Chess 2022"]
[Site "Stavanger"]
[Date "2022.06.10"]
[Round "9.2"]
[White "Tari, Aryan"]
[Black "Anand, Viswanathan"]
[Result "0-1"]
[WhiteElo "2654"]
[BlackElo "2751"]
[Annotator "TA"]
[PlyCount "174"]
[EventDate "2022.05.30"]
[EventType "tourn"]
[EventCountry "NOR"]
[SourceTitle "playchess.com"]
[Source "ChessBase"]
[SourceQuality "1"]

{[%evp 12,174,12,14,8,8,25,25,24,21,22,24,18,18,29,21,29,0,22,4,18,-12,-9,-18,-9,-12,-8,-2,0,-10,0,0,12,3,12,0,0,0,0,0,0,0,0,0,0,0,7,4,5,4,3,4,5,0,4,0,0,-8,0,-8,-8,-14,24,30,34,20,38,31,263,256,222,38,30,20,20,0,0,0,0,0,4,0,4,8,8,8,8,8,8,8,8,9,15,0,8,9,150,150,150,150,150,150,150,150,150,150,150,150,150,150,150,150,150,150,150,45,45,0,45,0,45,45,45,0,0,0,45,45,111,111,111,0,0,0,45,0,45,45,45,45,45,45,45,0,45,0,0,0,0,0,0,0,0,0,0,0,0,0,0,0,0,0,0,0,0]} 1. e4 e5 {[%emt 0:00:01]} 2. Nf3 {[%emt 0:00:01]} Nc6 {[%emt 0:00:01]} 3. Bc4 {[%emt 0:00:01]} Bc5 {[%emt 0:00:02]} 4. d3 {[%emt 0:00:01]} Nf6 {[%emt 0:00:01]} 5. Nc3 {[%emt 0:00:02]} d6 {[%emt 0:00:13]} 6. h3 {[%emt 0:00:05]} h6 {[%emt 0:00:07]} 7. Na4 {[%emt 0:00:15] now scores much better than the old 7.0-0.} Bb6 {[%emt 0:00:04] C50: Hungarian Defence and Giuoco Pianissimo.} 8. a3 {[%emt 0:00:10]} Be6 {[%emt 0:00:12]} 9. Bxe6 {[%emt 0:00:06]} fxe6 {[%emt 0:00:01] White has an edge.} 10. O-O {[%emt 0:00:10]} O-O {[%emt 0:00:03]} 11. b4 {[%emt 0:00:05]} Qe8 {[%emt 0:00:07]} 12. c3 {[%emt 0:00:52]} Nh5 {[%emt 0:00:07]} 13. Nxb6 {[%emt 0:00:14]} (13. Bd2 {looks sharper.} Qg6 14. Nxb6 axb6 15. a4) 13... axb6 {[%emt 0:00:01] [#]} 14. Be3 $146 {[%emt 0:00:15]} ({Predecessor:} 14. g3 Rf6 15. Be3 Qg6 16. Nh4 Qf7 17. Ng2 b5 18. Qe2 d5 19. exd5 exd5 20. d4 {0-1 (35) Benda,H (2334)-Diermair,A (2488) Austria 2017}) 14... Nf4 {[%emt 0:00:09]} 15. Kh2 {[%emt 0:00:30]} Qh5 {[%emt 0:00:32][%cal Of4h3]} 16. Ng1 {[%emt 0:00:22]} (16. Bxf4 $5 Rxf4 17. Qb3 $11) 16... Qxd1 {[%emt 0:00:03]} 17. Rfxd1 {[%emt 0:00:01]} Ra4 {[%emt 0:00:02]} 18. Bc1 {[%emt 0:00:34]} Nh5 {[%emt 0:00:12]} 19. f3 {[%emt 0:00:11]} b5 {[%emt 0:00:05]} 20. Ne2 {[%emt 0:00:08]} Raa8 {[%emt 0:00:06]} 21. Bb2 {[%emt 0:00:16]} Nf4 {[%emt 0:00:07]} 22. Nxf4 {[%emt 0:00:12]} exf4 {[%emt 0:00:04]} 23. c4 {[%emt 0:00:03]} bxc4 {[%emt 0:00:03]} 24. dxc4 {[%emt 0:00:01]} e5 {[%emt 0:00:02]} 25. Rac1 {[%emt 0:00:11]} b6 {[%emt 0:00:19]} 26. c5 dxc5 {[%emt 0:00:01]} 27. bxc5 {[%emt 0:00:01]} b5 28. Rd5 {[%emt 0:00:05]} Rfe8 {[%emt 0:00:10]} 29. Rd7 {[%emt 0:00:07]} Ra7 {[%emt 0:00:16]} 30. Rcd1 {[%emt 0:00:01]} Kf8 31. h4 {[%emt 0:00:07]} Re7 {[%emt 0:00:02]} 32. Kh3 {[%emt 0:00:18]} Ke8 {[%emt 0:00:05]} 33. R7d5 {[%emt 0:00:16]} Ra4 {[%emt 0:00:05]} 34. Kg4 {[%emt 0:00:09]} g6 {[%emt 0:00:06]} 35. h5 gxh5+ {[%emt 0:00:05]} 36. Kxh5 {[%emt 0:00:08]} b4 {[%emt 0:00:02]} 37. axb4 {[%emt 0:00:12]} Rxb4 {[%emt 0:00:01]} 38. Bc3 {[%emt 0:00:15]} Rc4 {[%emt 0:00:21]} 39. Be1 {[%emt 0:00:23]} Rd4 $2 {[%emt 0:00:07] [#]} (39... Rc2 $1 $14) 40. Ra1 $1 $18 {[%emt 0:00:06]} (40. Kxh6 Rxd5 41. Rxd5 (41. exd5 Rd7 $16) 41... Re6+ 42. Kh5 Ne7 $16) 40... Rd7 {[%emt 0:00:04]} 41. Rxd7 {[%emt 0:00:16]} ({Inferior is} 41. Kxh6 R7xd5 42. exd5 Rxd5 $15) (41. Ra8+ $18 Kf7 42. Rxd7+ (42. Kxh6 R7xd5 43. exd5 Rxd5 $11) 42... Rxd7 43. Ra6 (43. Kxh6 Rd1 $14)) 41... Kxd7 $14 42. Kxh6 $18 {[%emt 0:00:05][%mdl 4096] Endgame KRB-KRN} Rc4 {[%emt 0:00:02]} 43. Bf2 {[%emt 0:00:31]} Rc2 {[%emt 0:00:01]} 44. Rf1 {[%emt 0:00:07]} Ke6 {[%emt 0:00:05]} 45. Kg5 {[%emt 0:00:01]} Nb4 46. g4 {[%emt 0:00:12]} fxg3 {[%emt 0:00:04]} 47. Bxg3 {[%emt 0:00:01]} Nd3 {[%emt 0:00:02]} 48. Rh1 {[%emt 0:00:05]} Rxc5 {[%emt 0:00:04]} ({Don't do} 48... Rg2 49. Rh6+ Ke7 50. Kh4 $16) 49. Rh6+ {[%emt 0:00:02]} Kd7 {[%emt 0:00:01]} 50. Kf5 {[%emt 0:00:05]} Rc3 {[%emt 0:00:02]} 51. Rh7+ {[%emt 0:00:08]} Kd6 {[%emt 0:00:05]} 52. Rh8 {[%emt 0:00:50]} Kd7 {[%emt 0:00:04]} 53. Rh3 {[%emt 0:00:24]} Ra3 {[%emt 0:00:10]} (53... Kd6 $11) 54. Bxe5 $16 {[%emt 0:00:11]} Ra5 {[%emt 0:00:03]} 55. Rh7+ {[%emt 0:00:02]} Ke8 {[%emt 0:00:01]} 56. f4 {[%emt 0:00:07]} Nxe5 {[%emt 0:00:02]} 57. fxe5 {[%emt 0:00:06] [#] Kf6 would kill now. KR-KR} Ra6 {[%emt 0:00:01]} 58. Rxc7 {[%emt 0:00:03]} Rh6 {[%emt 0:00:02]} 59. Rg7 {[%emt 0:00:03]} Ra6 {[%emt 0:00:14]} 60. Rg6 Ra4 {[%emt 0:00:05]} 61. Rb6 {[%emt 0:00:01] Hoping for Ke6.} Ke7 {[%emt 0:00:02]} 62. Rb7+ {[%emt 0:00:01]} Ke8 63. Kf6 {[%emt 0:00:01]} (63. Rh7 $16) 63... Rxe4 $14 {[%emt 0:00:03]} 64. Rb8+ {[%emt 0:00:02]} Kd7 {[%emt 0:00:01]} 65. Rb7+ Ke8 $1 66. Rh7 {[%emt 0:00:02]} Re1 {[%emt 0:00:02]} 67. Rh8+ Kd7 68. Rh7+ Ke8 $1 {[%emt 0:00:01]} 69. Ke6 {[%cal Rh7h8]} Kd8 {[%emt 0:00:02]} ({Black should play} 69... Kf8 $1 $14) 70. Rh8+ Kc7 {[%emt 0:00:02]} 71. Kf6 ({White should try} 71. Re8 $16 {Intending Kf7 and mate.} Rh1 72. Rf8) 71... Kd7 $1 $11 {[%emt 0:00:02]} 72. Rh7+ Ke8 $1 73. Ke6 {[%cal Rh7h8]} Kf8 {[%emt 0:00:01]} 74. Rh8+ Kg7 75. Re8 {[%emt 0:00:02]} Ra1 {[%emt 0:00:02]} 76. Rd8 {[%emt 0:00:01]} Ra6+ {[%emt 0:00:03]} 77. Ke7 Ra7+ {[%emt 0:00:02]} 78. Rd7 (78. Ke8 $5 {[%cal Rd8d7]} Ra6 79. Rd7+ Kg8 80. Rd8 $11) 78... Ra8 {The position is equal.} 79. e6 Kg6 80. Rd2 {[%emt 0:00:02]} Ra7+ $1 {[%emt 0:00:02]} 81. Rd7 {[%emt 0:00:02]} Ra8 {[%emt 0:00:01]} 82. Rc7 {[%emt 0:00:01]} Kg7 {[%emt 0:00:01]} 83. Rc2 {[%emt 0:00:01]} Ra7+ 84. Kd6 {White threatens Rc7+ and mate.} Ra6+ {[%emt 0:00:02]} 85. Kd7 {[%emt 0:00:01] Threatening mate with e7.} Ra7+ {[%emt 0:00:04]} 86. Rc7 {[%emt 0:00:01]} Ra8 87. Rb7 {[%emt 0:00:03]} Kf6 {[%emt 0:00:02][%mdl 32768] White really could win this.  Weighted Error Value: White=0.10 (very precise) /Black=0.14 (very precise) . Sensor Board Error (Ke4/e5)?} 0-1